Carta abierta a Berlanga / (Record no. 66204)

MARC details
000 -LEADER
campo de control de longitud fija 00688nam a2200205 4500
001 - NÚMERO DE CONTROL
campo de control 66204
003 - IDENTIFICADOR DE NÚMERO DE CONTROL
campo de control ES-MaACL
005 - FECHA Y HORA DE LA ÚLTIMA TRANSACCIÓN
campo de control 20250730063110.0
007 - CAMPO FIJO DE DESCRIPCIÓN FÍSICA--INFORMACIÓN GENERAL
campo de control de longitud fija t|
008 - DATOS DE LONGITUD FIJA--INFORMACIÓN GENERAL
campo de control de longitud fija 040129s1978 sp f |||| | spa d
080 ## - NÚMERO DE LA CLASIFICACIÓN DECIMAL UNIVERSAL
Número de la Clasificación Decimal Universal 791.44 Garcia Berlanga, Luis. 072.3
100 1# - ENTRADA PRINCIPAL--NOMBRE DE PERSONA
Nombre de persona Galán, Diego,
Fechas asociadas al nombre 1946-
9 (RLIN) 53284
245 10 - MENCIÓN DEL TÍTULO
Título Carta abierta a Berlanga /
Mención de responsabilidad, etc. Diego Galán.
260 ## - PUBLICACIÓN, DISTRIBUCIÓN, ETC.
Lugar de publicación, distribución, etc. Huelva :
Nombre del editor, distribuidor, etc. IV Semana de Cine Iberoamericano,
Fecha de publicación, distribución, etc. [1978]
300 ## - DESCRIPCIÓN FÍSICA
Extensión 54 p., [8] h. de lám. ;
Dimensiones 21 cm.
600 17 - PUNTO DE ACCESO ADICIONAL DE MATERIA--NOMBRE DE PERSONA
Nombre de persona García Berlanga, Luis,
Fechas asociadas al nombre 1921-2010
Fuente del encabezamiento o término embne
9 (RLIN) 171047
711 2# - ENTRADA AGREGADA--NOMBRE DE REUNIÓN
Nombre de congreso/reunión o jurisdicción como elemento de entrada Festival de Cine Iberoamericano de Huelva (
Número del congreso/reunión o número de parte o sección 4º.
Fecha del congreso o de la firma del tratado 1978)
9 (RLIN) 144029
852 ## - LOCALIZACIÓN
Ubicación ES-MaACL
Número de control de estantería A-9555
Holdings
Estatus retirado Estado de pérdida Estado de daño No para préstamo Biblioteca de origen Biblioteca actual Ubicación en estantería Fecha de adquisición Fuente de adquisición Total de préstamos Signatura topográfica completa Código de barras Visto por última vez Precio de reemplazo Tipo de ítem Koha
        Biblioteca del Ateneo de Madrid Biblioteca del Ateneo de Madrid Depósito 1 17/01/2008     A-9555 1069362 23/02/2023 23/02/2023 Libro impreso